000 00956cam a2200277 a 4500
001 75161
003 BD-RjUL
005 20211209082644.0
008 851211s1953 enkaf b 001 0 eng d
035 _a(BD-RjUL)75379
035 _a891275
040 _aNUN
_beng
_cNUN
_dABN-SNR
041 1 _aeng
_ager
082 0 4 _a551.8
_223
_bPEM 1953
100 1 _aPenck, Walther,
_d1888-1923.
_9227417
245 1 0 _aMorphological analysis of land forms :
_ba contribution to physical geology /
_cby Walther Penck ; translated by Hella Czech and Katherine Cumming Boswell.
260 _aLondon :
_bMacmillan,
_c1953.
300 _axiv, 429 p., [9] leaves of plates :
_bill. ;
_c22 cm.
500 _aTranslation of Die morphologische Analyse.
504 _aIncludes bibliographical references and index.
650 0 _aGeology, Structural.
_9227418
942 _2ddc
_cBK
999 _c75161
_d75161